00938agaaa2200241 45000010005000000030009000050050017000140070009000310080040000400400023000800410013001031000041001161300046001572450149002032500022003522600061003743000022004355200066004575380016005235460013005396500090005527000054006426273IT-RoPAU20220918181304.0d cvaizq50131s9999||||xx ||| | || ||und|| aIT-RoPAUcIT-RoPAU aITALIANO aAA.VV. gCodice regista SPICS: 12000 aRIPRODUZIONE DELLE IMMAGINI A COLORI (LA) aRIPRODUZIONE DELLE IMMAGINI A COLORI (LA)cDiretto da: AA.VV. pRIPRODUZIONE DELLE IMMAGINI A COLORI (LA) (Rif. Codice opera principale : 26273) aEdizione Standard aROMA (ITALIA)bRAI - RADIO TELEVISIONE ITALIANA / gn.d. aVHSbsonoro, col. aRIPRODUZIONE DELLE IMMAGINI A COLORI IL COLORE IN TELEVISIONE aPAL, STEREO aITALIANO aDIDATTICOeTV-PROG. DIDATTICO/CULTURALI-DOCUMENTARI [VHS]xCodice MATERIA SPICS: 9962 aAA.VV. e(regista/i)gCodice regista SPICS: 12000